Daňové priznanie k dani z príjmov právnických osôb za rok 1997
Podanie daňového priznania k dani z príjmov právnických osôb za rok 1997 a niektoré aktuálne problémy zdaňovania príjmov. Komentár k jednotlivým novelám zákona o daniach z príjmov. Príklady na vyplnenie daňového priznania.
Salvato in:
| Autore principale: | |
|---|---|
| Natura: | Capitolo di libro |
| Lingua: | slovacco |
| Soggetti: | |
| Tags: |
Nessun Tag, puoi essere il primo ad aggiungerne!!
|
MARC
| LEADER | 00000naa a2200000 4500 | ||
|---|---|---|---|
| 001 | r030840 | ||
| 005 | 20230912112450.1 | ||
| 041 | 0 | |a slo | |
| 044 | |a SK | ||
| 245 | 1 | 0 | |a Daňové priznanie k dani z príjmov právnických osôb za rok 1997 |c Ján Pohlod |
| 520 | |a Podanie daňového priznania k dani z príjmov právnických osôb za rok 1997 a niektoré aktuálne problémy zdaňovania príjmov. Komentár k jednotlivým novelám zákona o daniach z príjmov. Príklady na vyplnenie daňového priznania. | ||
| 610 | 2 | 0 | |a priznania daňové |
| 610 | 2 | 0 | |a 1997 |
| 610 | 2 | 0 | |a povinnosť daňová |
| 610 | 2 | 0 | |a osoby právnické |
| 610 | 2 | 0 | |a zdaňovanie |
| 610 | 2 | 0 | |a dane z príjmov |
| 610 | 2 | 0 | |a zákony |
| 610 | 2 | 0 | |a komentáre |
| 100 | 1 | |a Pohlod, Ján | |